000 00283nam a22001337a 4500
008 170418b xxu||||| |||| 00| 0 eng d
020 _a9780321696649
041 _aeng
080 _a612.39
100 _a10
101 _aSHM
245 _aNUTRITION
_cTHOMPSON, J
942 _2udc
_cBK
999 _c10883
_d10883